000 01224cam a2200313 a 4500
001 4434391
003 ARRUPE
005 20150827143623.0
008 940825s1995 mau b 001 0 eng
010 _a 94034983
020 _a0674422503
040 _aDLC
_cDLC
_dDLC
050 0 0 _aPN175
_b.R86 1995
082 0 0 _a808.53/09/031
_220
100 1 _aRummel, Erika,
_d1942-
_919017
245 1 4 _aThe humanist-scholastic debate in the Renaissance & Reformation /
_cErika Rummel.
260 _aCambridge, Mass. :
_bHarvard University Press,
_c1995.
300 _a249 p. ;
_c25 cm.
490 1 _aHarvard historical studies ;
_v120
504 _aIncludes bibliographical references (p. 199-211) and index.
650 0 _aRhetoric, Renaissance.
_919018
650 0 _aDebates and debating.
_919019
650 0 _aHumanism
_xHistory.
_919020
650 0 _aScholasticism
_xHistory.
_919021
830 0 _aHarvard historical studies ;
_vv. 120.
_919022
906 _a7
_bcbc
_corignew
_d1
_eocip
_f19
_gy-gencatlg
942 _2lcc
_cMONOGRAPH
999 _c123153
_d123153